LEADER 01521nam 2200445 450 001 000003055 005 20081002102442.0 010 $a3-406-39080-3 100 $a20081002d1995----km-y0itay0103----ba 101 0 $ager 102 $aDE 200 1 $a<> Maske des Sokrates$edas bild des intellektuellen in der antiken kunst$fPaul Zanker 210 $aMunchen$cVerlag C.H. Beck$dc1995 215 $a383 p.$cill.$d23 cm. 225 1 $aC.H. Beck kulturwissenschaft 606 $aFilosofi Greci$xIconografia 676 $a704.942 700 1$aZanker,$bPaul$038607 801 0$aIT$bUniversità della Basilicata - B.I.A.$gRICA$2unimarc 912 $a000003055 996 $aMaske des Sokrates$920093 997 $aUNIBAS BAS $aMONLET BAS $aMONOGR BAS $aLETTERE CAT $aGLAGUARDIA$b01$c19990924$lBAS01$h1321 CAT $aGLAGUARDIA$b01$c19990924$lBAS01$h1332 CAT $aDILEO$b20$c19990928$lBAS01$h1332 CAT $aDILEO$b01$c19991119$lBAS01$h0912 CAT $c20000920$lBAS01$h1830 CAT $c20001010$lBAS01$h1633 CAT $c20050601$lBAS01$h1753 CAT $abatch$b01$c20050718$lBAS01$h1047 CAT $c20050718$lBAS01$h1107 CAT $c20050718$lBAS01$h1137 CAT $c20050718$lBAS01$h1151 CAT $aBATCH$b00$c20070503$lBAS01$h1732 CAT $aMDL$b00$c20081002$lBAS01$h1024 FMT Z30 -1$lBAS01$LBAS01$mBOOK$1BASA4$APolo di Matera$2GEN$BCollezione generale$3MSR-L V-11$9MSR$684360$5L84360$819990924$f02$FPrestabile Generale LEADER 00958nam0 22002651i 450 001 RML0234903 005 20231121125701.0 100 $a20121121d1991 ||||0itac50 ba 101 | $aita 102 $ait 181 1$6z01$ai $bxxxe 182 1$6z01$an 200 1 $aGENERAL equilibrium$fedited by John Eatwell$gMurray Milgate 210 $aLondon $cMacMillan $d1991 215 $axii,346 p.$cfig.$d24 cm 300 $ain testa al front. : The New Palgrave 700 1$aEATWELL$b, John$3RMLV147329$0116090 801 3$aIT$bIT-01$c20121121 850 $aIT-FR0098 899 $aBiblioteca Area Giuridico Economica$bFR0098 912 $aRML0234903 950 0$aBiblioteca Area Giuridico Economica$d 53TER 330/66 VI$e 53VM 0000033395 VM barcode:ECO001743. - Inventario:1009. - Fondo:Sala consultazioneVM$fA $h19940524$i20121204 977 $a 53 996 $aGENERAL equilibrium$93618829 997 $aUNICAS